Political order in changing societies
Αποθηκεύτηκε σε:
| Κύριος συγγραφέας: | |
|---|---|
| Μορφή: | Βιβλίο |
| Γλώσσα: | English |
| Δημοσίευση: |
New Haven, London :
Yale University Press,
1968
|
| Θέματα: | |
| Ετικέτες: |
Προσθήκη ετικέτας
Δεν υπάρχουν, Καταχωρήστε ετικέτα πρώτοι!
|
MARC
| LEADER | 00000nam a2200000 i 4500 | ||
|---|---|---|---|
| 001 | 1/28383 | ||
| 008 | 960405s1968 eng d | ||
| 020 | |a 0300011717 | ||
| 035 | |l 10023028 | ||
| 040 | |a GR-MY-UA |b gre |e aacr | ||
| 041 | 0 | |a eng | |
| 082 | 0 | |a 320 | |
| 100 | 1 | |a Huntington, Samuel P., |d (1927-2008) | |
| 245 | 1 | 0 | |a Political order in changing societies |
| 260 | |a New Haven, London : |b Yale University Press, |c 1968 | ||
| 300 | |a 488 p. | ||
| 650 | 0 | 0 | |a Political science. |
| 852 | |a INST |b CHIOS |e 19960405 |h 320 HUN |p 005200006026 |q 005200006026 |t BK |y 0 | ||
| 909 | |a Χ |b 001488 | ||